000
00288 a2200145 4500
001
164057
020
_a
040
_c
Magnum
100
_a
Ferres, Joan
240
1
0
_a
Televisao e educacao
_l
por
245
1
0
_a
Televisao e educacao
362
0
_a
1899
697
_a
ENSINO
942
_c
BK
999
_c
164057
_d
164057